000 00423nam a2200181Ia 4500
005 20240921120926.0
008 240921s9999||||xx |||||||||||||| ||und||
041 _aENGLISH
082 _A515.7 M9
100 _aRudin,Walter
245 0 _aFunctional Analysis
250 _a1st
260 _c1989
_bTMH,New Delhi
500 _aConvexity
650 _aFunctional Analysis
_bMathematics
942 _cBK
999 _c247831
_d247831